[Event "Civil Service Ch 5th"]
[Site "Leeds"]
[Date "1995.??.??"]
[Round "1"]
[White "Williams, D"]
[Black "Ashby, Anthony C"]
[Result "1/2-1/2"]
[WhiteElo "1895"]
[BlackElo "2095"]
[PlyCount "81"]
[EventDate "1995.04.??"]
[EventType "swiss"]
[EventRounds "5"]
[EventCountry "ENG"]
[SourceTitle "BritBase"]
[Source "John Saunders"]
[SourceDate "2024.12.03"]
[SourceVersion "1"]
[SourceVersionDate "2024.12.03"]
[SourceQuality "1"]

1. e4 e6 2. d4 d5 3. e5 c5 4. c3 Nc6 5. Nf3 f6 6. exf6 Nxf6 7. Bd3 Qc7 8. Bg5 Bd6 9. dxc5 Bxc5 10. O-O O-O 11. Bc2 Qf7 12. b4 Bd6 13. Bb3 Qh5 14. Nbd2 Bxh2+ 15. Nxh2 Qxg5 16. Ndf3 Qh6 17. Qd3 Bd7 18. Rae1 Rac8 19. Ne5 Nxe5 20. Rxe5 Ne4 21. Bxd5 Nxc3 22. Bb3 Rc7 23. Rc5 Rxc5 24. bxc5 Nd5 25. Bxd5 exd5 26. Qxd5+ Qe6 27. Qxb7 a6 28. Rd1 Bb5 29. Qd5 Qxd5 30. Rxd5 Rc8 31. a3 h6 32. Ng4 Kf7 33. f3 Re8 34. Rd1 Rc8 35. Rc1 Ke6 36. Kf2 Kd5 37. Ne3+ Kc6 38. Nf5 Rc7 39. Nd4+ Kd5 40. Nxb5 axb5 41. Rd1+ 1/2-1/2

[Event "Civil Service Ch 5th"]
[Site "Leeds"]
[Date "1995.??.??"]
[Round "1"]
[White "Hubbard, David M"]
[Black "Pendlebury, Ian G"]
[Result "1-0"]
[WhiteElo "2065"]
[BlackElo "1850"]
[PlyCount "159"]
[EventDate "1995.04.??"]
[EventType "swiss"]
[EventRounds "5"]
[EventCountry "ENG"]
[SourceTitle "BritBase"]
[Source "John Saunders"]
[SourceDate "2024.12.03"]
[SourceVersion "1"]
[SourceVersionDate "2024.12.03"]
[SourceQuality "1"]

1. e4 c6 2. d4 d5 3. e5 Bf5 4. Nf3 e6 5. Be2 c5 6. O-O Nc6 7. c3 Qb6 8. a3 c4 9. Nbd2 Nge7 10. Bxc4 Nc8 11. Be2 Be7 12. b4 O-O 13. Bb2 Qd8 14. c4 dxc4 15. Nxc4 Nb6 16. Nxb6 Qxb6 17. Bd3 Bg4 18. h3 Bh5 19. g4 Bg6 20. Bxg6 hxg6 21. d5 exd5 22. Qxd5 Nd8 23. Nd4 a5 24. b5 Bh4 25. Rac1 Ne6 26. Qd6 Qxd6 27. exd6 Nxd4 28. Bxd4 Rfd8 29. Be5 Rd7 30. Rc7 Rad8 31. Rfc1 Kf8 32. a4 Bf6 33. Rxd7 Rxd7 34. Rc8+ Bd8 35. Kg2 f6 36. Bc3 Kf7 37. Rb8 b6 38. Bxa5 bxa5 39. b6 Rxd6 40. b7 Rb6 41. Rxd8 Rxb7 42. Ra8 g5 43. Rxa5 Rb4 44. Ra8 Ke6 45. a5 Ra4 46. a6 Ke5 47. Re8+ Kf4 48. Re6 Ra1 49. Rb6 Ra2 50. Rb7 Rxa6 51. Rxg7 Ke5 52. Kg3 Ra3+ 53. f3 Ke6 54. Rh7 Rb3 55. h4 gxh4+ 56. Rxh4 Kf7 57. Rh5 Kg6 58. Ra5 Rc3 59. Ra6 Kg5 60. Ra8 Kg6 61. Kf4 Rc4+ 62. Ke3 Rc3+ 63. Ke4 Rc4+ 64. Kd3 Rf4 65. Ke3 Rb4 66. Rd8 Kg5 67. Rg8+ Kh6 68. f4 Kh7 69. Rd8 Kg7 70. Rd4 Rb1 71. Ke4 Kg6 72. f5+ Kf7 73. Rd7+ Ke8 74. Rg7 Rb5 75. Kf4 Kf8 76. Ra7 Rb4+ 77. Kg3 Rb5 78. Kh4 Rb4 79. Kh5 Rc4 80. Kg6 1-0

[Event "Civil Service Ch 5th"]
[Site "Leeds"]
[Date "1995.??.??"]
[Round "1"]
[White "Brocklehurst, Andrew"]
[Black "Maxwell, Alistair"]
[Result "0-1"]
[WhiteElo "1840"]
[BlackElo "2050"]
[PlyCount "68"]
[EventDate "1995.04.??"]
[EventType "swiss"]
[EventRounds "5"]
[EventCountry "ENG"]
[SourceTitle "BritBase"]
[Source "John Saunders"]
[SourceDate "2024.12.03"]
[SourceVersion "1"]
[SourceVersionDate "2024.12.03"]
[SourceQuality "1"]

1. e4 e5 2. Nf3 Nc6 3. Bb5 a6 4. Bxc6 dxc6 5. Nc3 f6 6. d3 Be6 7. Be3 Qd7 8. d4 exd4 9. Nxd4 O-O-O 10. Qe2 Bb4 11. O-O Nh6 12. a3 Bxc3 13. bxc3 Ng4 14. Rab1 Nxe3 15. Qxe3 Bc4 16. Rfe1 c5 17. Nb3 b6 18. Nxc5 bxc5 19. Qxc5 Bb5 20. c4 Ba4 21. Qa7 Qc6 22. Qb8+ Kd7 23. Rbd1+ Ke7 24. Qb4+ Kf7 25. Rd5 Bxc2 26. Qd2 Rxd5 27. cxd5 Qc4 28. h3 Rb8 29. Kh2 Rb1 30. Re3 Bxe4 31. Rc3 Rh1+ 32. Kg3 Qxd5 33. Rxc7+ Kg6 34. Rc3 Qxd2 0-1

[Event "Civil Service Ch 5th"]
[Site "Leeds"]
[Date "1995.??.??"]
[Round "1"]
[White "Thurlow, Kevin J"]
[Black "Tysoe, Brian"]
[Result "1-0"]
[WhiteElo "2050"]
[BlackElo "1800"]
[PlyCount "83"]
[EventDate "1995.04.??"]
[EventType "swiss"]
[EventRounds "5"]
[EventCountry "ENG"]
[SourceTitle "BritBase"]
[Source "John Saunders"]
[SourceDate "2024.12.03"]
[SourceVersion "1"]
[SourceVersionDate "2024.12.03"]
[SourceQuality "1"]

1. c4 f5 2. d4 Nf6 3. Nc3 e6 4. g3 d5 5. Bg2 c6 6. b3 Bb4 7. Bd2 O-O 8. a3 Ba5 9. Nf3 Bd7 10. O-O Ne4 11. Nxe4 fxe4 12. Ne5 Bxd2 13. Qxd2 Be8 14. f3 exf3 15. exf3 Nd7 16. f4 Nxe5 17. fxe5 Rxf1+ 18. Rxf1 Qe7 19. Bh3 Bd7 20. c5 Rf8 {Black offered draw} 21. Rf4 Rxf4 22. Qxf4 Qf7 {Black offered draw} 23. Kg2 Qg6 24. Qd2 a6 25. Qe2 Kf8 26. Bg4 Be8 27. h4 Qf7 28. Qf3 Ke7 29. Qxf7+ Bxf7 30. Kf2 Bg6 31. Ke3 Bc2 32. b4 g6 33. Be2 h5 {Black offered draw} 34. Kd2 Bf5 35. a4 Kd7 36. b5 axb5 37. axb5 Kc7 38. b6+ Kd7 {Black offered draw} 39. Ke3 Ke7 $4 40. Ba6 $1 Kd7 41. Bxb7 Bc2 42. Kf4 1-0

[Event "Civil Service Ch 5th"]
[Site "Leeds"]
[Date "1995.??.??"]
[Round "1"]
[White "Carr, J"]
[Black "Tolan, John"]
[Result "1/2-1/2"]
[WhiteElo "1785"]
[BlackElo "2040"]
[PlyCount "123"]
[EventDate "1995.04.??"]
[EventType "swiss"]
[EventRounds "5"]
[EventCountry "ENG"]
[SourceTitle "BritBase"]
[Source "John Saunders"]
[SourceDate "2024.12.03"]
[SourceVersion "1"]
[SourceVersionDate "2024.12.03"]
[SourceQuality "1"]

1. c4 Nf6 2. f3 c5 3. e4 Nc6 4. Ne2 g6 5. d4 cxd4 6. Nxd4 Bg7 7. Nxc6 bxc6 8. Nc3 d6 9. Be3 O-O 10. Be2 Qa5 11. Qa4 Qxa4 12. Nxa4 c5 13. O-O-O Nd7 14. h4 f5 15. exf5 gxf5 16. g4 f4 17. Bd2 Ne5 18. Nc3 Bb7 19. Nd5 Bxd5 20. cxd5 Rab8 21. b3 c4 22. b4 a5 23. a3 Nd7 24. Kc2 c3 25. Bxc3 Rfc8 26. Rd3 axb4 27. axb4 Rxb4 28. Kd2 Bxc3+ 29. Rxc3 Rb2+ 30. Kc1 Rcb8 31. Bd3 Nc5 32. Bc2 Ra2 33. Re1 Ra1+ 34. Kd2 Rxe1 35. Kxe1 Rb4 36. Bd3 Rd4 37. Bc4 Kg7 38. Ba2 h6 39. Ke2 Kf6 40. Rc4 Rxc4 41. Bxc4 Nd7 42. Kd2 Nf8 43. Kd3 Ke5 44. Bb3 Ng6 45. h5 Nh8 46. Ba2 Nf7 47. Bb3 Ng5 48. Ke2 Kd4 49. Ba2 Ke5 50. Bb3 Nh7 51. Kd3 Nf6 52. Ba2 Nxd5 53. Bxd5 Kxd5 54. g5 Ke5 55. g6 Kf6 56. Ke4 e5 57. Kd5 Ke7 58. Ke4 Ke6 59. Kd3 d5 60. Ke2 e4 61. fxe4 dxe4 62. Kf2 1/2-1/2

[Event "Civil Service Ch 5th"]
[Site "Leeds"]
[Date "1995.??.??"]
[Round "1"]
[White "Brusey, Alan W"]
[Black "Howarth, Ian S"]
[Result "1-0"]
[WhiteElo "2015"]
[BlackElo "1760"]
[PlyCount "33"]
[EventDate "1995.04.??"]
[EventType "swiss"]
[EventRounds "5"]
[EventCountry "ENG"]
[SourceTitle "BritBase"]
[Source "John Saunders"]
[SourceDate "2024.12.03"]
[SourceVersion "1"]
[SourceVersionDate "2024.12.03"]
[SourceQuality "1"]

1. e4 e5 2. Nf3 Nc6 3. Be2 Nf6 4. d4 exd4 5. e5 Ng4 6. O-O d5 7. Bf4 Be6 8. Nxd4 Nxd4 9. Qxd4 Qd7 10. Nc3 c6 11. a4 Nh6 12. Bxh6 gxh6 13. a5 Be7 14. f4 O-O 15. Rf3 Kh8 16. f5 Bxf5 17. e6+ 1-0

[Event "Civil Service Ch 5th"]
[Site "Leeds"]
[Date "1995.??.??"]
[Round "1"]
[White "McDowell, M"]
[Black "Pheby, Ian M"]
[Result "0-1"]
[WhiteElo "1745"]
[BlackElo "2010"]
[PlyCount "112"]
[EventDate "1995.04.??"]
[EventType "swiss"]
[EventRounds "5"]
[EventCountry "ENG"]
[SourceTitle "BritBase"]
[Source "John Saunders"]
[SourceDate "2024.12.03"]
[SourceVersion "1"]
[SourceVersionDate "2024.12.03"]
[SourceQuality "1"]

1. d4 Nf6 2. c4 g6 3. Nc3 Bg7 4. e4 d6 5. f3 O-O 6. Be3 Nc6 7. Nge2 e5 8. d5 Ne7 9. Qd2 a6 10. Nc1 Ne8 11. Bh6 f5 12. Bxg7 Kxg7 13. Bd3 Nf6 14. N1e2 Rb8 15. O-O f4 16. b4 g5 17. Kf2 h5 18. Ke1 Ng6 19. g3 Bh3 20. Rf2 Nh7 21. Ng1 Bd7 22. Kd1 Rf7 23. Bf1 Nf6 24. Kc2 Qe7 25. Bg2 Rbf8 26. Raf1 g4 27. Kb3 h4 28. gxh4 Nxh4 29. Rc1 Rh8 30. Rc2 Kf8 31. Bf1 Rfh7 32. Qd1 g3 33. hxg3 fxg3 34. Rfd2 Nh5 35. Bh3 Nf4 36. Bxd7 Qxd7 37. Qe1 Rg8 38. Nce2 Nxe2 39. Rxe2 Rf7 40. Re3 Rf6 41. Qd1 Qf7 42. c5 Ng6 43. cxd6 Rxd6 44. Qc1 c6 45. Kb2 Ne7 46. Rd3 Rgg6 47. Qe3 Kg7 48. dxc6 Rxd3 49. Qxd3 Nxc6 50. Qc4 Qxc4 51. Rxc4 Rh6 52. a3 Rh1 53. Rc1 Nd4 54. Kb1 Kf6 55. Kb2 Kg5 56. Kc3 Rxg1 0-1

[Event "Civil Service Ch 5th"]
[Site "Leeds"]
[Date "1995.??.??"]
[Round "2"]
[White "Pheby, Ian M"]
[Black "Charter, Mark R"]
[Result "1/2-1/2"]
[WhiteElo "2010"]
[BlackElo "2185"]
[PlyCount "57"]
[EventDate "1995.04.??"]
[EventType "swiss"]
[EventRounds "5"]
[EventCountry "ENG"]
[SourceTitle "BritBase"]
[Source "John Saunders"]
[SourceDate "2024.12.03"]
[SourceVersion "1"]
[SourceVersionDate "2024.12.03"]
[SourceQuality "1"]

1. d4 d5 2. c4 e6 3. Nc3 Nf6 4. cxd5 exd5 5. Bg5 Be7 6. Nf3 O-O 7. e3 h6 8. Bxf6 Bxf6 9. Rc1 c6 10. Bd3 Re8 11. O-O Bg4 12. h3 Bxf3 13. Qxf3 Nd7 14. b4 a6 15. Rc2 Be7 16. Rb1 Nf6 17. a4 b5 18. a5 Rc8 19. Qd1 Bd6 20. Ne2 Ne4 21. Bxe4 Rxe4 22. Nc1 Qh4 23. Nd3 Re6 24. Rbc1 Rg6 25. Qf3 h5 26. Nc5 Rf6 27. Qe2 Rg6 28. Qf3 Rf6 29. Qe2 1/2-1/2

[Event "Civil Service Ch 5th"]
[Site "Leeds"]
[Date "1995.??.??"]
[Round "2"]
[White "Archer, Richard P"]
[Black "Hubbard, David M"]
[Result "1/2-1/2"]
[WhiteElo "1930"]
[BlackElo "2065"]
[PlyCount "47"]
[EventDate "1995.04.??"]
[EventType "swiss"]
[EventRounds "5"]
[EventCountry "ENG"]
[SourceTitle "BritBase"]
[Source "John Saunders"]
[SourceDate "2024.12.03"]
[SourceVersion "1"]
[SourceVersionDate "2024.12.03"]
[SourceQuality "1"]

1. e4 e6 2. d4 d5 3. exd5 exd5 4. Bd3 Nc6 5. c3 Bd6 6. Nf3 Bg4 7. h3 Bh5 8. O-O Nge7 9. Nbd2 Qd7 10. a4 O-O-O 11. b4 Ng6 12. Qc2 Nce7 13. Re1 Nf4 14. Ne5 Nxh3+ 15. gxh3 Qxh3 16. Bf1 Qh4 17. Ndf3 Bxf3 18. Nxf3 Qg4+ 19. Bg2 Ng6 20. Qd3 Kb8 21. Ne5 Bxe5 22. dxe5 Rhe8 23. Qg3 Qxg3 24. fxg3 1/2-1/2

[Event "Civil Service Ch 5th"]
[Site "Leeds"]
[Date "1995.??.??"]
[Round "2"]
[White "Maxwell, Alistair"]
[Black "Brusey, Alan W"]
[Result "1/2-1/2"]
[WhiteElo "2050"]
[BlackElo "2015"]
[PlyCount "39"]
[EventDate "1995.04.??"]
[EventType "swiss"]
[EventRounds "5"]
[EventCountry "ENG"]
[SourceTitle "BritBase"]
[Source "John Saunders"]
[SourceDate "2024.12.03"]
[SourceVersion "1"]
[SourceVersionDate "2024.12.03"]
[SourceQuality "1"]

1. c4 c6 2. d4 d5 3. Nc3 Nf6 4. Nf3 dxc4 5. a4 Bg4 6. e3 e5 7. dxe5 Qxd1+ 8. Kxd1 Nfd7 9. Bxc4 Nxe5 10. Be2 Nxf3 11. gxf3 Be6 12. Kc2 a5 13. e4 Na6 14. Bxa6 Rxa6 15. Be3 Be7 16. Bd4 O-O 17. Rhg1 f6 18. f4 Rd8 19. Rad1 Raa8 20. Bb6 1/2-1/2

[Event "Civil Service Ch 5th"]
[Site "Leeds"]
[Date "1995.??.??"]
[Round "2"]
[White "Ashby, Anthony C"]
[Black "Carr, J"]
[Result "1-0"]
[WhiteElo "2065"]
[BlackElo "1785"]
[PlyCount "87"]
[EventDate "1995.04.??"]
[EventType "swiss"]
[EventRounds "5"]
[EventCountry "ENG"]
[SourceTitle "BritBase"]
[Source "John Saunders"]
[SourceDate "2024.12.03"]
[SourceVersion "1"]
[SourceVersionDate "2024.12.03"]
[SourceQuality "1"]

1. e4 e5 2. Nf3 Nf6 3. Nc3 Nc6 4. Bb5 d6 5. d4 Bd7 6. d5 Ne7 7. Be2 Ng6 8. h4 h5 9. Bg5 Be7 10. Qd2 Ng4 11. Bxe7 Qxe7 12. g3 a6 13. Ng5 f6 14. Nh3 f5 15. f3 Nh6 16. O-O-O O-O-O 17. exf5 Nxf5 18. Rdg1 Rdf8 19. Ng5 Nd4 20. Bd1 Bf5 21. Rf1 Bd7 22. Nce4 Nf5 23. c3 Kb8 24. Rhg1 Qe8 25. Bb3 Ba4 26. Bxa4 Qxa4 27. Kb1 Qd7 28. Ne6 Rf7 29. Qd3 Nge7 30. N4g5 Rf6 31. Re1 g6 32. Re4 Re8 33. Rb4 Ka8 34. Qc4 Nc8 35. Nxc7+ Kb8 36. Nxe8 Qxe8 37. Qxa6 Qd7 38. Qd3 Nfe7 39. a4 Nf5 40. a5 Nce7 41. a6 Qc8 42. axb7 Qc5 43. Qa6 Qxg1+ 44. Ka2 1-0

[Event "Civil Service Ch 5th"]
[Site "Leeds"]
[Date "1995.??.??"]
[Round "2"]
[White "Tolan, John"]
[Black "Williams, D"]
[Result "0-1"]
[WhiteElo "2040"]
[BlackElo "1895"]
[PlyCount "40"]
[EventDate "1995.04.??"]
[EventType "swiss"]
[EventRounds "5"]
[EventCountry "ENG"]
[SourceTitle "BritBase"]
[Source "John Saunders"]
[SourceDate "2024.12.03"]
[SourceVersion "1"]
[SourceVersionDate "2024.12.03"]
[SourceQuality "1"]

1. e4 e6 2. b3 d5 3. Bb2 c5 4. exd5 exd5 5. d4 Nf6 6. Be2 Nc6 7. Nf3 Bd6 8. Nbd2 O-O 9. O-O Re8 10. Re1 Ne4 11. Nxe4 dxe4 12. Ne5 Nxd4 13. f4 Bxe5 14. fxe5 Rxe5 15. Bc4 Be6 16. Bxe6 Rxe6 17. Qg4 f5 18. Qf4 Qd6 19. Qf2 Qe5 20. Rad1 e3 0-1

[Event "Civil Service Ch 5th"]
[Site "Leeds"]
[Date "1995.??.??"]
[Round "2"]
[White "Howarth, Ian S"]
[Black "Phillips, Owen S"]
[Result "0-1"]
[WhiteElo "1745"]
[BlackElo "2005"]
[PlyCount "54"]
[EventDate "1995.04.??"]
[EventType "swiss"]
[EventRounds "5"]
[EventCountry "ENG"]
[SourceTitle "BritBase"]
[Source "John Saunders"]
[SourceDate "2024.12.03"]
[SourceVersion "1"]
[SourceVersionDate "2024.12.03"]
[SourceQuality "1"]

1. e4 g6 2. d4 Bg7 3. Be3 d6 4. f4 b6 5. Nd2 Bb7 6. Ngf3 Nf6 7. Bd3 c5 8. c3 O-O 9. Qe2 a6 10. O-O Ng4 11. f5 Nxe3 12. Qxe3 Nc6 13. a4 cxd4 14. Nxd4 Ne5 15. Bc2 Rc8 16. Bb3 b5 17. fxg6 hxg6 18. Ne6 fxe6 19. Bxe6+ Kh7 20. Qh3+ Bh6 21. Rxf8 Qb6+ 22. Kh1 Rxf8 23. Qh4 Rf6 24. Qh3 Qf2 25. Nf3 Nxf3 26. gxf3 Rxe6 27. Rf1 Qe2 0-1

[Event "Civil Service Ch 5th"]
[Site "Leeds"]
[Date "1995.??.??"]
[Round "2"]
[White "Pendlebury, Ian G"]
[Black "McDowell, M"]
[Result "1/2-1/2"]
[WhiteElo "1850"]
[BlackElo "1745"]
[PlyCount "34"]
[EventDate "1995.04.??"]
[EventType "swiss"]
[EventRounds "5"]
[EventCountry "ENG"]
[SourceTitle "BritBase"]
[Source "John Saunders"]
[SourceDate "2024.12.03"]
[SourceVersion "1"]
[SourceVersionDate "2024.12.03"]
[SourceQuality "1"]

1. c4 e6 2. g3 Nf6 3. Bg2 d5 4. b3 d4 5. Nf3 c5 6. O-O Nc6 7. d3 Bd6 8. Nbd2 e5 9. Ng5 O-O 10. Nde4 Nxe4 11. Nxe4 Be6 12. Ba3 Qe7 13. e3 f5 14. Nxd6 Qxd6 15. e4 f4 16. g4 b6 17. f3 Qe7 1/2-1/2

[Event "Civil Service Ch 5th"]
[Site "Leeds"]
[Date "1995.??.??"]
[Round "3"]
[White "Thurlow, Kevin J"]
[Black "Maxwell, Alistair"]
[Result "1/2-1/2"]
[WhiteElo "2050"]
[BlackElo "2050"]
[PlyCount "52"]
[EventDate "1995.04.??"]
[EventType "swiss"]
[EventRounds "5"]
[EventCountry "ENG"]
[SourceTitle "BritBase"]
[Source "John Saunders"]
[SourceDate "2024.12.03"]
[SourceVersion "1"]
[SourceVersionDate "2024.12.03"]
[SourceQuality "1"]

1. c4 e6 2. Nc3 d5 3. d4 Nf6 4. Nf3 c6 5. Bg5 Nbd7 6. e3 Qa5 7. Bxf6 Nxf6 8. Bd3 Bb4 9. Qc2 dxc4 10. Bxc4 Nd5 11. Rc1 O-O 12. O-O h6 13. e4 Nf4 14. e5 c5 15. Qe4 cxd4 16. Nxd4 Bxc3 17. Rxc3 Nd5 18. Rg3 Ne7 19. Kh1 Rd8 20. Nb5 Nf5 21. Ra3 Qb4 22. g4 Bd7 23. Rb3 Qxb3 24. Bxb3 Bc6 25. Qxc6 bxc6 26. Nc7 Nd4 1/2-1/2

[Event "Civil Service Ch 5th"]
[Site "Leeds"]
[Date "1995.??.??"]
[Round "3"]
[White "Charter, Mark R"]
[Black "Archer, Richard P"]
[Result "1-0"]
[WhiteElo "2185"]
[BlackElo "1930"]
[PlyCount "117"]
[EventDate "1995.04.??"]
[EventType "swiss"]
[EventRounds "5"]
[EventCountry "ENG"]
[SourceTitle "BritBase"]
[Source "John Saunders"]
[SourceDate "2024.12.03"]
[SourceVersion "1"]
[SourceVersionDate "2024.12.03"]
[SourceQuality "1"]

1. e4 e5 2. Nf3 Nc6 3. Bb5 a6 4. Ba4 Nf6 5. d3 d6 6. c3 Be7 7. h3 h6 8. O-O O-O 9. Re1 b5 10. Bc2 Bb7 11. d4 exd4 12. Nxd4 Re8 13. Bf4 Bf8 14. Nd2 Ne5 15. Nf5 Bc8 16. g4 Bb7 17. Nf1 Ng6 18. Qf3 Nxf4 19. Qxf4 Qd7 20. Nxh6+ gxh6 21. Qxf6 Bg7 22. Qf5 Qc6 23. Bb3 Re7 24. Ng3 Rf8 25. Bd5 Qb6 26. Bxb7 Qxb7 27. Qd5 Qxd5 28. exd5 Rfe8 29. Kf1 b4 30. Rxe7 Rxe7 31. Nf5 Re5 32. cxb4 Re4 33. Nxg7 Kxg7 34. a3 Rd4 35. Rc1 Rxd5 36. Rxc7 a5 37. bxa5 Rxa5 38. Rc3 f5 39. b4 Rd5 40. Ke2 fxg4 41. hxg4 Kf6 42. Rd3 Re5+ 43. Re3 Rg5 44. f3 h5 45. gxh5 Rxh5 46. a4 Rh4 47. Re4 Rh2+ 48. Ke3 Ra2 49. b5 Ra3+ 50. Kf4 Rb3 51. Rd4 d5 52. Rxd5 Rb4+ 53. Ke3 Rxa4 54. Rd4 Ra5 55. Rb4 Ra3+ 56. Ke4 Ra1 57. b6 Rh1 58. b7 Rh4+ 59. f4 1-0

[Event "Civil Service Ch 5th"]
[Site "Leeds"]
[Date "1995.??.??"]
[Round "3"]
[White "Brusey, Alan W"]
[Black "Ashby, Anthony C"]
[Result "0-1"]
[WhiteElo "2015"]
[BlackElo "2095"]
[PlyCount "72"]
[EventDate "1995.04.??"]
[EventType "swiss"]
[EventRounds "5"]
[EventCountry "ENG"]
[SourceTitle "BritBase"]
[Source "John Saunders"]
[SourceDate "2024.12.03"]
[SourceVersion "1"]
[SourceVersionDate "2024.12.03"]
[SourceQuality "1"]

1. e4 c6 2. d4 d5 3. f3 e6 4. Be3 dxe4 5. Nd2 exf3 6. Ngxf3 Nf6 7. Nc4 Nd5 8. Bd2 Be7 9. Bd3 Nd7 10. O-O Nf8 11. Nce5 f6 12. Ng5 Qb6 13. Qh5+ Kd8 14. Ngf7+ Kc7 15. Nxh8 Qxd4+ 16. Kh1 Qxe5 17. Qxe5+ fxe5 18. Rf7 Kd6 19. c4 Nf4 20. Be4 Bd7 21. Rd1 Nd5 22. c5+ Kxc5 23. Bxd5 exd5 24. Rxe7 g6 25. Nf7 e4 26. Be3+ Kb5 27. Bh6 Bg4 28. Rf1 Ne6 29. Ne5 Be2 30. Rf2 Nd4 31. Be3 Nf5 32. Rxb7+ Ka6 33. Rb3 Bb5 34. Nd7 d4 35. Rxf5 dxe3 36. Re5 Rd8 {White lost on time} 0-1

[Event "Civil Service Ch 5th"]
[Site "Leeds"]
[Date "1995.??.??"]
[Round "3"]
[White "Hubbard, David M"]
[Black "Pheby, Ian M"]
[Result "1/2-1/2"]
[WhiteElo "2065"]
[BlackElo "2010"]
[PlyCount "126"]
[EventDate "1995.04.??"]
[EventType "swiss"]
[EventRounds "5"]
[EventCountry "ENG"]
[SourceTitle "BritBase"]
[Source "John Saunders"]
[SourceDate "2024.12.03"]
[SourceVersion "1"]
[SourceVersionDate "2024.12.03"]
[SourceQuality "1"]

1. e4 c5 2. c3 e6 3. d4 d5 4. e5 Qb6 5. Nf3 Bd7 6. Bd3 Bb5 7. Bc2 a5 8. Ng5 g6 9. Qf3 Qc7 10. Na3 Ba6 11. Ba4+ Nc6 12. Nb5 Bxb5 13. Bxb5 cxd4 14. cxd4 Bb4+ 15. Kf1 h6 16. Nh3 a4 17. g3 Ra5 18. Bxc6+ bxc6 19. Kg2 Qa7 20. Be3 a3 21. b3 Bf8 22. Rac1 Ra6 23. Nf4 Bg7 24. Nd3 Ne7 25. Nc5 Rb6 26. g4 O-O 27. Qh3 Kh7 28. Bg5 Ng8 29. f4 Rb4 30. f5 exf5 31. gxf5 h5 32. Be3 Bh6 33. Bxh6 Nxh6 34. Nd7 Rd8 35. fxg6+ fxg6 36. Nf6+ Kh8 37. Rxc6 Qxd4 38. Rf1 Qxe5 39. Nxh5 Rg4+ 40. Kh1 Qe4+ 41. Qf3 Qxf3+ 42. Rxf3 Re8 43. Ng3 Nf5 44. Rc7 Rf8 45. Kg1 Kg8 46. Kf2 Rd4 47. Rc2 Rh4 48. Kg1 d4 49. b4 d3 50. Rxd3 Rxb4 51. Rxa3 Nh4 52. Rf2 Rxf2 53. Kxf2 Rb2+ 54. Ne2 Nf5 55. Kf3 Kf7 56. Ra6 Ke7 57. a4 Rb3+ 58. Kf4 Rh3 59. Rxg6 Rxh2 60. Kxf5 Rxe2 61. a5 Kd7 62. a6 Kc7 63. a7 Ra2 1/2-1/2

[Event "Civil Service Ch 5th"]
[Site "Leeds"]
[Date "1995.??.??"]
[Round "3"]
[White "Williams, D"]
[Black "Tysoe, Brian"]
[Result "0-1"]
[WhiteElo "1895"]
[BlackElo "1800"]
[PlyCount "101"]
[EventDate "1995.04.??"]
[EventType "swiss"]
[EventRounds "5"]
[EventCountry "ENG"]
[SourceTitle "BritBase"]
[Source "John Saunders"]
[SourceDate "2024.12.03"]
[SourceVersion "1"]
[SourceVersionDate "2024.12.03"]
[SourceQuality "1"]

1. e4 c5 2. Nc3 e6 3. f4 d5 4. exd5 exd5 5. Nf3 Nf6 6. Bb5+ Bd7 7. O-O Be7 8. d3 a6 9. Bxd7+ Nbxd7 10. Ne5 O-O 11. Qf3 d4 12. Ne4 Nxe4 13. Nxd7 Qxd7 14. dxe4 b5 15. Bd2 Qe6 16. Rfe1 Qc6 17. g4 f5 18. gxf5 Rxf5 19. Qg4 Rf7 20. Re2 Raf8 21. Rf1 Kh8 22. Rff2 c4 23. Rg2 g5 24. f5 h6 25. Rgf2 Bc5 26. Re1 d3 27. Be3 Bxe3 28. Rxe3 Qb6 29. Qg3 dxc2 30. Rxc2 Re8 31. Rce2 Rxe4 32. Kg2 Rxe3 33. Qxe3 Qxe3 34. Rxe3 Rxf5 35. Re6 Kg7 36. Rxa6 Rf6 37. Ra7+ Kg6 38. Rb7 Rf5 39. Rb8 Rd5 40. Kg3 Rd3+ 41. Kf2 Rd2+ 42. Kg3 Rxb2 43. a4 Rb3+ 44. Kf2 bxa4 45. Ra8 a3 46. Ra4 c3 47. Ke3 c2+ 48. Kd2 Rh3 49. Kxc2 Rxh2+ 50. Kb3 Rh3+ 51. Ka2 0-1

[Event "Civil Service Ch 5th"]
[Site "Leeds"]
[Date "1995.??.??"]
[Round "3"]
[White "Phillips, Owen S"]
[Black "Pendlebury, Ian G"]
[Result "1-0"]
[WhiteElo "2010"]
[BlackElo "1850"]
[PlyCount "61"]
[EventDate "1995.04.??"]
[EventType "swiss"]
[EventRounds "5"]
[EventCountry "ENG"]
[SourceTitle "BritBase"]
[Source "John Saunders"]
[SourceDate "2024.12.03"]
[SourceVersion "1"]
[SourceVersionDate "2024.12.03"]
[SourceQuality "1"]

1. Nc3 d5 2. e4 dxe4 3. Nxe4 Nf6 4. Nxf6+ gxf6 5. g3 c6 6. Bg2 Bf5 7. Nf3 e6 8. d3 Bd6 9. O-O Nd7 10. a3 Bg4 11. Qe1 Bxf3 12. Bxf3 h5 13. Qe2 h4 14. Bh5 Qe7 15. c4 O-O-O 16. Be3 Kb8 17. b4 Rdg8 18. c5 Bc7 19. b5 f5 20. bxc6 bxc6 21. Rab1+ Kc8 22. d4 f4 23. d5 exd5 24. Qa6+ Kd8 25. Bd4 hxg3 26. fxg3 Rxh5 27. Qxc6 Nb8 28. Rxb8+ Bxb8 29. Bf6 fxg3 30. Bxe7+ Kxe7 31. Qf6+ 1-0

[Event "Civil Service Ch 5th"]
[Site "Leeds"]
[Date "1995.??.??"]
[Round "3"]
[White "McDowell, M"]
[Black "Tolan, John"]
[Result "0-1"]
[WhiteElo "1745"]
[BlackElo "2040"]
[PlyCount "78"]
[EventDate "1995.04.??"]
[EventType "swiss"]
[EventRounds "5"]
[EventCountry "ENG"]
[SourceTitle "BritBase"]
[Source "John Saunders"]
[SourceDate "2024.12.03"]
[SourceVersion "1"]
[SourceVersionDate "2024.12.03"]
[SourceQuality "1"]

1. c4 Nf6 2. Nc3 c5 3. g3 Nc6 4. Bg2 g6 5. Nf3 Bg7 6. O-O O-O 7. d4 cxd4 8. Nxd4 a6 9. Bg5 Qb6 10. Nxc6 dxc6 11. Qc2 Be6 12. b3 Rad8 13. Rad1 Qc7 14. Qc1 b5 15. cxb5 cxb5 16. Ne4 Qa5 17. Qb1 Nd5 18. Bc1 Bf5 19. Bb2 Bxb2 20. Qxb2 Bxe4 21. Bxe4 Nc3 22. Rxd8 Rxd8 23. Bd3 b4 24. Ra1 Qe5 25. Kg2 a5 26. a3 Qc5 27. axb4 axb4 28. Qd2 Qd5+ 29. Kg1 Qxb3 30. Qf4 Nd5 31. Qe4 Qc3 32. Ra5 e6 33. Qc4 Rc8 34. Qxc3 bxc3 35. Ra1 Nb4 36. Kf1 Kg7 37. Rb1 Na2 38. Bc2 Rd8 39. Bd3 Rxd3 0-1